00470 2200193 4500001002100000008004100021035002000062245003100082100001100113260002700124300001200151020001800163084001700181082000800198650001200206990001800218990002000236990002000256INLIS000000000000848 ind  a0010-0724000848 aAir TerjunbTerjuncAnisah aAnisah aSurabaya :bSIC,c2008 a28 hlm. a979-9925-51-7 a551.48 ANI A a551 aGeologi aP29/CP/24/848 aP29/CP/24/848.1 aP29/CP/24/848.2